[Event "Irena Warakomska Memorial A"]
[Site "Suwalki"]
[Date "2021.07.29"]
[Round "4"]
[White "Schippers, Maurice"]
[Black "Janik, Igor"]
[Result "0-1"]
[Board "10"]
[WhiteElo "2292"]
[WhiteTitle "FM"]
[WhiteCountry "NED"]
[WhiteFideId "1004735"]
[WhiteEloChange "-5"]
[BlackElo "2500"]
[BlackTitle "IM"]
[BlackCountry "POL"]
[BlackFideId "1159259"]
[BlackEloChange "2"]

1. e4 {[%clk 1:30:57]} c6 {[%clk 1:30:49]} 2. d4 {[%clk 1:31:00]} d5 {[%clk
1:31:13]} 3. Nc3 {[%clk 1:30:41]} g6 {[%clk 1:31:32]} 4. Nf3 {[%clk 1:30:23]} Bg7
{[%clk 1:31:31]} 5. h3 {[%clk 1:30:47]} dxe4 {[%clk 1:30:22]} 6. Nxe4 {[%clk
1:31:11]} Nd7 {[%clk 1:30:23]} 7. Bd3 {[%clk 1:29:52]} Ngf6 {[%clk 1:30:35]} 8.
O-O {[%clk 1:26:39]} O-O {[%clk 1:30:11]} 9. c3 {[%clk 1:22:07]} Nxe4 {[%clk
1:25:55]} 10. Bxe4 {[%clk 1:22:32]} c5 {[%clk 1:26:05]} 11. Re1 {[%clk 1:11:11]}
cxd4 {[%clk 1:25:38]} 12. Nxd4 {[%clk 1:07:40]} Nc5 {[%clk 1:25:20]} 13. Bc2
{[%clk 1:02:49]} e5 {[%clk 1:23:36]} 14. Nb3 {[%clk 0:51:02]} Ne6 {[%clk
1:20:54]} 15. Qxd8 {[%clk 0:47:15]} Rxd8 {[%clk 1:20:22]} 16. Be3 {[%clk
0:47:01]} f5 {[%clk 1:14:51]} 17. Rad1 {[%clk 0:39:36]} b6 {[%clk 1:13:50]} 18.
Rxd8+ {[%clk 0:35:30]} Nxd8 {[%clk 1:13:59]} 19. Rd1 {[%clk 0:35:49]} Be6 {[%clk
1:10:50]} 20. f3 {[%clk 0:28:49]} Bf8 {[%clk 1:04:37]} 21. Ra1 {[%clk 0:22:22]}
Nb7 {[%clk 1:03:10]} 22. a4 {[%clk 0:13:51]} Nd6 {[%clk 1:02:20]} 23. a5 {[%clk
0:12:08]} Nc4 {[%clk 1:01:01]} 24. Bf2 {[%clk 0:12:33]} Rd8 {[%clk 0:56:51]} 25.
axb6 {[%clk 0:11:35]} axb6 {[%clk 0:57:10]} 26. f4 {[%clk 0:08:16]} exf4 {[%clk
0:55:31]} 27. Nd4 {[%clk 0:08:39]} Bf7 {[%clk 0:51:31]} 28. Ra6 {[%clk 0:03:20]}
Ne3 {[%clk 0:48:51]} 29. Ba4 {[%clk 0:03:32]} Bc5 {[%clk 0:46:48]} 30. Nc6 {[%clk
0:02:36]} Rd2 {[%clk 0:46:12]} 31. b4 {[%clk 0:03:02]} Rb2 {[%clk 0:45:42]} 32.
Ra8+ {[%clk 0:01:10]} Kg7 {[%clk 0:44:59]} 33. bxc5 {[%clk 0:01:35]} Rb1+ {[%clk
0:45:24]} 34. Be1 {[%clk 0:02:02]} Rxe1+ {[%clk 0:45:49]} 35. Kf2 {[%clk
0:02:29]} Rf1+ {[%clk 0:46:13]} 36. Ke2 {[%clk 0:02:55]} Bc4+ {[%clk 0:46:33]}
37. Kd2 {[%clk 0:03:20]} b5 {[%clk 0:44:50]} 38. Ne5 {[%clk 0:02:37]} Rf2+ {[%clk
0:44:56]} 39. Kc1 {[%clk 0:02:55]} bxa4 {[%clk 0:44:57]} 40. Nxc4 {[%clk
0:31:35]} Rf1+ {[%clk 1:10:31]} 41. Kd2 {[%clk 0:31:28]} Nxc4+ {[%clk 1:11:00]}
42. Ke2 {[%clk 0:31:51]} Rc1 {[%clk 1:11:18]} 43. Kd3 {[%clk 0:29:53]} Ne5+
{[%clk 1:11:31]} 44. Kd4 {[%clk 0:30:18]} Nc6+ {[%clk 1:11:30]} 45. Kd5 {[%clk
0:27:45]} Ne7+ {[%clk 1:11:35]} 46. Ke6 {[%clk 0:27:58]} Rxc3 {[%clk 1:09:23]}
47. Kxe7 {[%clk 0:27:10]} Rxc5 {[%clk 1:09:50]} 48. Rxa4 {[%clk 0:27:31]} Rc2
{[%clk 1:10:02]} 0-1

[Event "Irena Warakomska Memorial A"]
[Site "Suwalki"]
[Date "2021.07.29"]
[Round "4"]
[White "Paszewski, Mateusz"]
[Black "Szpar, Milosz"]
[Result "0-1"]
[Board "11"]
[WhiteElo "2280"]
[WhiteTitle "FM"]
[WhiteCountry "POL"]
[WhiteFideId "1141058"]
[WhiteEloChange "-7"]
[BlackElo "2392"]
[BlackTitle "FM"]
[BlackCountry "POL"]
[BlackFideId "1184989"]
[BlackEloChange "7"]

1. e4 {[%clk 1:30:57]} e6 {[%clk 1:27:33]} 2. d4 {[%clk 1:31:25]} d5 {[%clk
1:27:48]} 3. Nd2 {[%clk 1:31:50]} c5 {[%clk 1:27:30]} 4. exd5 {[%clk 1:31:58]}
Qxd5 {[%clk 1:26:49]} 5. dxc5 {[%clk 1:32:17]} Bxc5 {[%clk 1:23:25]} 6. Ngf3
{[%clk 1:32:26]} Nf6 {[%clk 1:22:03]} 7. Bc4 {[%clk 1:32:43]} Qc6 {[%clk
1:01:43]} 8. Qe2 {[%clk 1:32:58]} O-O {[%clk 0:55:51]} 9. O-O {[%clk 1:28:06]} a6
{[%clk 0:47:20]} 10. a3 {[%clk 1:24:40]} Nbd7 {[%clk 0:43:11]} 11. b4 {[%clk
1:20:50]} Bd6 {[%clk 0:42:08]} 12. Bb2 {[%clk 1:13:11]} b6 {[%clk 0:41:18]} 13.
Bd3 {[%clk 0:56:53]} Bb7 {[%clk 0:41:00]} 14. c4 {[%clk 0:47:28]} Rfe8 {[%clk
0:40:23]} 15. Rad1 {[%clk 0:29:38]} Rac8 {[%clk 0:31:01]} 16. c5 {[%clk 0:23:33]}
bxc5 {[%clk 0:26:30]} 17. b5 {[%clk 0:23:56]} Qc7 {[%clk 0:25:43]} 18. bxa6
{[%clk 0:23:49]} Bd5 {[%clk 0:24:07]} 19. Bb5 {[%clk 0:20:25]} e5 {[%clk
0:22:34]} 20. h3 {[%clk 0:06:42]} Nh5 {[%clk 0:04:35]} 21. Ne4 {[%clk 0:05:27]}
Nf4 {[%clk 0:03:00]} 22. Qc2 {[%clk 0:05:56]} c4 {[%clk 0:02:53]} 23. Rxd5 {[%clk
0:02:21]} Nxd5 {[%clk 0:03:18]} 24. Rd1 {[%clk 0:02:28]} c3 {[%clk 0:03:27]} 25.
Rxd5 {[%clk 0:01:54]} cxb2 {[%clk 0:02:46]} 26. Qxb2 {[%clk 0:02:23]} Re6 {[%clk
0:02:48]} 27. Bxd7 {[%clk 0:01:32]} Qxd7 {[%clk 0:03:13]} 28. Qd2 {[%clk
0:01:46]} Rc6 {[%clk 0:01:57]} 29. Nxe5 {[%clk 0:00:54]} Rxe5 {[%clk 0:02:17]}
30. Rxe5 {[%clk 0:01:23]} Bxe5 {[%clk 0:02:33]} 31. a7 {[%clk 0:00:56]} Qe8
{[%clk 0:01:21]} 32. f4 {[%clk 0:01:21]} Bc7 {[%clk 0:01:36]} 0-1

[Event "Irena Warakomska Memorial A"]
[Site "Suwalki"]
[Date "2021.07.29"]
[Round "4"]
[White "Poltorak, Sebastian"]
[Black "Zylka, Stanislaw"]
[Result "0-1"]
[Board "12"]
[WhiteElo "2233"]
[WhiteCountry "POL"]
[WhiteFideId "1199498"]
[WhiteEloChange "-6"]
[BlackElo "2362"]
[BlackTitle "FM"]
[BlackCountry "POL"]
[BlackFideId "1189654"]
[BlackEloChange "6"]

1. d4 {[%clk 1:30:36]} d6 {[%clk 1:30:37]} 2. c4 {[%clk 1:30:55]} e5 {[%clk
1:30:59]} 3. Nc3 {[%clk 1:31:18]} exd4 {[%clk 1:31:15]} 4. Qxd4 {[%clk 1:31:43]}
Nc6 {[%clk 1:31:31]} 5. Qd2 {[%clk 1:32:07]} Nf6 {[%clk 1:31:54]} 6. e4 {[%clk
1:31:41]} a5 {[%clk 1:26:57]} 7. Nf3 {[%clk 1:27:58]} g6 {[%clk 1:26:53]} 8. Bd3
{[%clk 1:26:09]} Bg7 {[%clk 1:26:45]} 9. h3 {[%clk 1:24:59]} O-O {[%clk 1:26:54]}
10. O-O {[%clk 1:23:16]} Nd7 {[%clk 1:25:13]} 11. Rb1 {[%clk 1:14:45]} Nc5 {[%clk
1:24:43]} 12. Bc2 {[%clk 1:14:00]} Re8 {[%clk 1:22:59]} 13. b3 {[%clk 1:09:33]}
Bxh3 {[%clk 1:17:55]} 14. gxh3 {[%clk 0:55:36]} Qf6 {[%clk 1:18:08]} 15. Nd5
{[%clk 0:47:11]} Qxf3 {[%clk 1:18:24]} 16. Nxc7 {[%clk 0:47:31]} Qxh3 {[%clk
1:10:24]} 17. Qe3 {[%clk 0:34:29]} Qg4+ {[%clk 1:09:43]} 18. Qg3 {[%clk 0:31:42]}
Qe2 {[%clk 1:09:39]} 19. Nxe8 {[%clk 0:31:02]} Rxe8 {[%clk 1:09:47]} 20. Bb2
{[%clk 0:28:20]} Qxc2 {[%clk 1:09:47]} 21. Bxg7 {[%clk 0:28:20]} Kxg7 {[%clk
1:09:29]} 22. Qxd6 {[%clk 0:28:56]} Nxe4 {[%clk 1:09:28]} 23. Qf4 {[%clk
0:28:18]} Nc3 {[%clk 1:09:17]} 0-1

[Event "Irena Warakomska Memorial A"]
[Site "Suwalki"]
[Date "2021.07.29"]
[Round "4"]
[White "Lukasiewicz, Krzysztof"]
[Black "Luberanski, Jakub"]
[Result "1/2-1/2"]
[Board "13"]
[WhiteElo "2359"]
[WhiteTitle "FM"]
[WhiteCountry "POL"]
[WhiteFideId "1166042"]
[WhiteEloChange "-2"]
[BlackElo "2274"]
[BlackTitle "FM"]
[BlackCountry "POL"]
[BlackFideId "21830509"]
[BlackEloChange "2"]

1. e4 {[%clk 1:25:00]} c6 {[%clk 1:30:56]} 2. d4 {[%clk 1:25:08]} d5 {[%clk
1:31:22]} 3. Nc3 {[%clk 1:24:44]} dxe4 {[%clk 1:31:47]} 4. Nxe4 {[%clk 1:25:10]}
Nf6 {[%clk 1:32:12]} 5. Nxf6+ {[%clk 1:25:16]} exf6 {[%clk 1:32:39]} 6. c3 {[%clk
1:24:38]} Bd6 {[%clk 1:32:57]} 7. Bd3 {[%clk 1:22:16]} O-O {[%clk 1:33:19]} 8.
Be3 {[%clk 1:21:07]} Re8 {[%clk 1:32:46]} 9. Qc2 {[%clk 1:18:30]} h5 {[%clk
1:30:23]} 10. Ne2 {[%clk 1:18:09]} Nd7 {[%clk 1:30:21]} 11. O-O {[%clk 1:13:25]}
h4 {[%clk 1:27:59]} 12. h3 {[%clk 1:11:06]} Nf8 {[%clk 1:26:40]} 13. c4 {[%clk
1:02:27]} Bc7 {[%clk 1:13:25]} 14. Rfd1 {[%clk 1:01:44]} Bd7 {[%clk 1:04:05]} 15.
Qc1 {[%clk 0:45:25]} Ne6 {[%clk 0:58:29]} 16. d5 {[%clk 0:40:31]} cxd5 {[%clk
0:57:40]} 17. cxd5 {[%clk 0:40:57]} Ng5 {[%clk 0:57:11]} 18. Bf4 {[%clk 0:38:32]}
Bb6 {[%clk 0:50:55]} 19. Nc3 {[%clk 0:37:39]} Rc8 {[%clk 0:44:36]} 20. Qd2 {[%clk
0:37:00]} Ba5 {[%clk 0:40:35]} 21. Re1 {[%clk 0:34:29]} Rxe1+ {[%clk 0:36:15]}
22. Rxe1 {[%clk 0:34:31]} b5 {[%clk 0:35:57]} 23. a3 {[%clk 0:32:46]} b4 {[%clk
0:34:39]} 24. axb4 {[%clk 0:33:11]} Bxb4 {[%clk 0:35:05]} 25. Rd1 {[%clk
0:26:40]} g6 {[%clk 0:32:20]} 26. Bb1 {[%clk 0:17:53]} Rc4 {[%clk 0:22:33]} 27.
Ba2 {[%clk 0:16:05]} Rc5 {[%clk 0:16:23]} 28. Qd4 {[%clk 0:12:33]} Qa5 {[%clk
0:13:44]} 29. Bd6 {[%clk 0:11:49]} Bxc3 {[%clk 0:10:30]} 30. Qxc5 {[%clk
0:11:59]} Qa4 {[%clk 0:10:47]} 31. Rf1 {[%clk 0:08:34]} Bxb2 {[%clk 0:07:27]} 32.
Bb1 {[%clk 0:08:05]} Qb3 {[%clk 0:06:28]} 33. Qxa7 {[%clk 0:05:31]} Bb5 {[%clk
0:03:50]} 34. Qb7 {[%clk 0:01:42]} Bd4 {[%clk 0:02:49]} 35. Qa8+ {[%clk 0:00:42]}
Kh7 {[%clk 0:03:03]} 36. Qa2 {[%clk 0:01:07]} Qxa2 {[%clk 0:02:12]} 37. Bxa2
{[%clk 0:01:33]} Bxf1 {[%clk 0:02:10]} 38. Kxf1 {[%clk 0:02:01]} Ne4 {[%clk
0:01:49]} 39. Be7 {[%clk 0:00:50]} Bxf2 {[%clk 0:01:10]} 40. Bxf6 {[%clk
0:30:41]} Nxf6 {[%clk 0:30:41]} 41. Kxf2 {[%clk 0:30:00]} Kg7 {[%clk 0:15:51]}
42. Kf3 {[%clk 0:24:51]} g5 {[%clk 0:15:01]} 43. d6 {[%clk 0:23:24]} Kf8 {[%clk
0:14:31]} 1/2-1/2

[Event "Irena Warakomska Memorial A"]
[Site "Suwalki"]
[Date "2021.07.29"]
[Round "4"]
[White "Kucza, Karol"]
[Black "Rudzinska, Michalina"]
[Result "0-1"]
[Board "14"]
[WhiteElo "2337"]
[WhiteTitle "FM"]
[WhiteCountry "POL"]
[WhiteFideId "1159755"]
[WhiteEloChange "-13"]
[BlackElo "2238"]
[BlackTitle "WFM"]
[BlackCountry "POL"]
[BlackFideId "1172883"]
[BlackEloChange "13"]

1. e4 {[%clk 1:30:57]} c5 {[%clk 1:30:50]} 2. Nf3 {[%clk 1:31:16]} d6 {[%clk
1:31:12]} 3. d4 {[%clk 1:29:56]} cxd4 {[%clk 1:31:34]} 4. Nxd4 {[%clk 1:30:23]}
Nf6 {[%clk 1:31:55]} 5. Nc3 {[%clk 1:30:50]} a6 {[%clk 1:32:17]} 6. Bg5 {[%clk
1:30:12]} e6 {[%clk 1:32:39]} 7. f4 {[%clk 1:30:37]} Be7 {[%clk 1:33:01]} 8. Qf3
{[%clk 1:28:26]} Qc7 {[%clk 1:33:24]} 9. O-O-O {[%clk 1:28:50]} Nbd7 {[%clk
1:33:47]} 10. g4 {[%clk 1:29:10]} h6 {[%clk 1:34:05]} 11. Bxf6 {[%clk 1:29:15]}
Bxf6 {[%clk 1:34:27]} 12. h4 {[%clk 1:26:57]} Nb6 {[%clk 1:34:48]} 13. Be2 {[%clk
1:27:10]} Bd7 {[%clk 1:35:06]} 14. g5 {[%clk 1:26:08]} Be7 {[%clk 1:35:26]} 15.
Rhg1 {[%clk 1:10:52]} O-O-O {[%clk 1:28:59]} 16. f5 {[%clk 1:07:30]} hxg5 {[%clk
1:20:26]} 17. fxe6 {[%clk 0:59:14]} fxe6 {[%clk 1:19:03]} 18. Qf7 {[%clk
0:59:19]} Bf6 {[%clk 1:17:31]} 19. Nxe6 {[%clk 0:59:29]} Bxe6 {[%clk 1:17:43]}
20. Qxe6+ {[%clk 0:59:52]} Kb8 {[%clk 1:17:36]} 21. hxg5 {[%clk 0:59:14]} Bxc3
{[%clk 1:16:31]} 22. bxc3 {[%clk 0:59:38]} Qxc3 {[%clk 1:14:53]} 23. Qb3 {[%clk
0:59:48]} Qc6 {[%clk 1:08:08]} 24. Kb1 {[%clk 0:57:00]} Na4 {[%clk 1:05:57]} 25.
Bc4 {[%clk 0:52:33]} b5 {[%clk 1:01:44]} 26. Bd5 {[%clk 0:52:05]} Qc5 {[%clk
1:02:05]} 27. Rg3 {[%clk 0:50:01]} Rc8 {[%clk 0:56:02]} 28. Be6 {[%clk 0:44:19]}
Rc7 {[%clk 0:52:36]} 29. g6 {[%clk 0:42:29]} Qe5 {[%clk 0:47:41]} 30. Rf3 {[%clk
0:35:01]} Rc3 {[%clk 0:45:46]} 0-1

[Event "Irena Warakomska Memorial A"]
[Site "Suwalki"]
[Date "2021.07.29"]
[Round "4"]
[White "Backiel, Hubert"]
[Black "Goluch, Piotr"]
[Result "0-1"]
[Board "15"]
[WhiteElo "1955"]
[WhiteCountry "POL"]
[WhiteFideId "21838631"]
[WhiteEloChange "-2"]
[BlackElo "2333"]
[BlackTitle "IM"]
[BlackCountry "POL"]
[BlackFideId "1137840"]
[BlackEloChange "2"]

1. e4 {[%clk 1:27:53]} c6 {[%clk 1:30:57]} 2. Nf3 {[%clk 1:28:05]} d5 {[%clk
1:31:20]} 3. Nc3 {[%clk 1:28:31]} Nf6 {[%clk 1:31:40]} 4. e5 {[%clk 1:17:45]} Ne4
{[%clk 1:32:05]} 5. d4 {[%clk 1:13:37]} Nxc3 {[%clk 1:25:40]} 6. bxc3 {[%clk
1:14:02]} Bg4 {[%clk 1:26:07]} 7. Be2 {[%clk 1:12:42]} e6 {[%clk 1:26:19]} 8. O-O
{[%clk 1:11:48]} Be7 {[%clk 1:26:16]} 9. a4 {[%clk 1:09:19]} O-O {[%clk 1:25:46]}
10. Ba3 {[%clk 1:02:27]} Bxa3 {[%clk 1:15:35]} 11. Rxa3 {[%clk 1:02:50]} Nd7
{[%clk 1:15:58]} 12. Rb3 {[%clk 0:48:07]} Qc7 {[%clk 1:16:16]} 13. Qb1 {[%clk
0:36:43]} Rab8 {[%clk 1:16:10]} 14. Qb2 {[%clk 0:27:26]} c5 {[%clk 1:13:08]} 15.
Rb1 {[%clk 0:26:19]} Bxf3 {[%clk 1:10:45]} 16. gxf3 {[%clk 0:24:57]} b6 {[%clk
1:10:24]} 17. a5 {[%clk 0:22:46]} c4 {[%clk 1:10:40]} 18. axb6 {[%clk 0:18:42]}
Nxb6 {[%clk 1:08:08]} 19. Rb4 {[%clk 0:18:09]} f6 {[%clk 1:08:29]} 20. f4 {[%clk
0:16:42]} Qf7 {[%clk 1:03:18]} 21. f3 {[%clk 0:16:27]} Qg6+ {[%clk 0:59:07]} 22.
Kf2 {[%clk 0:15:16]} Qh6 {[%clk 0:59:21]} 23. Qc1 {[%clk 0:08:17]} Qxh2+ {[%clk
0:59:33]} 24. Ke3 {[%clk 0:08:43]} g5 {[%clk 0:56:46]} 25. fxg5 {[%clk 0:08:15]}
fxe5 {[%clk 0:57:11]} 26. dxe5 {[%clk 0:04:47]} d4+ {[%clk 0:56:09]} 27. Kxd4
{[%clk 0:04:08]} Qxe2 {[%clk 0:56:28]} 0-1

[Event "Irena Warakomska Memorial A"]
[Site "Suwalki"]
[Date "2021.07.29"]
[Round "4"]
[White "Sakalauskas, Vaidas"]
[Black "Kacprzak, Kacper"]
[Result "1/2-1/2"]
[Board "16"]
[WhiteElo "2330"]
[WhiteTitle "IM"]
[WhiteCountry "LTU"]
[WhiteFideId "12800457"]
[WhiteEloChange "-6"]
[BlackElo "2075"]
[BlackCountry "POL"]
[BlackFideId "21819319"]
[BlackEloChange "6"]

1. d4 {[%clk 1:30:55]} Nf6 {[%clk 1:30:55]} 2. c4 {[%clk 1:30:42]} e6 {[%clk
1:30:48]} 3. Nc3 {[%clk 1:29:08]} Bb4 {[%clk 1:31:13]} 4. Bd2 {[%clk 1:29:18]}
O-O {[%clk 1:28:21]} 5. Nf3 {[%clk 1:26:48]} b6 {[%clk 1:26:08]} 6. e3 {[%clk
1:26:56]} Bb7 {[%clk 1:25:44]} 7. Bd3 {[%clk 1:27:02]} d5 {[%clk 1:19:02]} 8. O-O
{[%clk 1:27:00]} c5 {[%clk 1:17:43]} 9. a3 {[%clk 1:22:01]} Bxc3 {[%clk 1:17:55]}
10. Bxc3 {[%clk 1:22:06]} cxd4 {[%clk 1:17:03]} 11. Bxd4 {[%clk 1:19:06]} Nc6
{[%clk 1:15:10]} 12. Bxf6 {[%clk 1:14:28]} Qxf6 {[%clk 1:15:29]} 13. cxd5 {[%clk
1:14:40]} exd5 {[%clk 1:15:49]} 14. Qd2 {[%clk 1:14:43]} Rfd8 {[%clk 1:13:05]}
15. Rad1 {[%clk 1:13:56]} Rac8 {[%clk 1:05:36]} 16. Rfe1 {[%clk 1:01:50]} h6
{[%clk 1:00:37]} 17. h3 {[%clk 0:55:46]} Ne5 {[%clk 0:54:02]} 18. Nd4 {[%clk
0:51:08]} Nc6 {[%clk 0:53:56]} 19. Bb1 {[%clk 0:47:53]} Nxd4 {[%clk 0:51:56]} 20.
Qxd4 {[%clk 0:47:45]} Qxd4 {[%clk 0:52:19]} 21. Rxd4 {[%clk 0:47:56]} Rc4 {[%clk
0:47:24]} 22. Rd2 {[%clk 0:39:21]} Rdc8 {[%clk 0:46:32]} 23. Kh2 {[%clk 0:37:40]}
Rc1 {[%clk 0:40:56]} 24. Rxc1 {[%clk 0:36:51]} Rxc1 {[%clk 0:41:21]} 25. Ba2
{[%clk 0:36:54]} Kf8 {[%clk 0:41:43]} 26. Kg3 {[%clk 0:19:28]} Rc5 {[%clk
0:40:57]} 27. e4 {[%clk 0:14:22]} Ke7 {[%clk 0:40:21]} 28. exd5 {[%clk 0:14:32]}
Kd6 {[%clk 0:40:36]} 29. Kf4 {[%clk 0:14:44]} a5 {[%clk 0:37:06]} 30. Ke3 {[%clk
0:08:42]} a4 {[%clk 0:33:21]} 31. Rd4 {[%clk 0:07:32]} Rb5 {[%clk 0:30:53]} 32.
Rxa4 {[%clk 0:05:22]} Rxb2 {[%clk 0:31:12]} 33. Ra7 {[%clk 0:04:45]} Rxa2 {[%clk
0:26:44]} 34. Rxb7 {[%clk 0:05:13]} Rxa3+ {[%clk 0:27:06]} 35. Kd4 {[%clk
0:05:02]} Ra4+ {[%clk 0:27:04]} 36. Ke3 {[%clk 0:04:20]} Kxd5 {[%clk 0:21:47]}
37. Rxb6 {[%clk 0:02:55]} Ra3+ {[%clk 0:21:37]} 38. Kf4 {[%clk 0:03:18]} Ra2
{[%clk 0:21:55]} 39. Kg3 {[%clk 0:03:39]} Ra3+ {[%clk 0:21:57]} 40. f3 {[%clk
0:33:54]} Ra2 {[%clk 0:49:32]} 41. h4 {[%clk 0:32:59]} Ke5 {[%clk 0:49:16]} 42.
Kh3 {[%clk 0:33:09]} Ra4 {[%clk 0:45:02]} 43. g4 {[%clk 0:29:17]} Ra3 {[%clk
0:45:22]} 44. Kg3 {[%clk 0:29:37]} Rc3 {[%clk 0:45:35]} 45. Ra6 {[%clk 0:25:42]}
Rb3 {[%clk 0:45:56]} 46. Ra7 {[%clk 0:24:11]} Kf6 {[%clk 0:46:04]} 47. Ra6+
{[%clk 0:24:30]} Ke5 {[%clk 0:46:28]} 1/2-1/2

[Event "Irena Warakomska Memorial A"]
[Site "Suwalki"]
[Date "2021.07.29"]
[Round "4"]
[White "Leniart, Arkadiusz"]
[Black "Kubicka, Anna"]
[Result "0-1"]
[Board "17"]
[WhiteElo "2499"]
[WhiteTitle "GM"]
[WhiteCountry "POL"]
[WhiteFideId "1124226"]
[WhiteEloChange "-8"]
[BlackElo "2210"]
[BlackTitle "WIM"]
[BlackCountry "POL"]
[BlackFideId "1152254"]
[BlackEloChange "17"]

1. e4 {[%clk 1:30:56]} c6 {[%clk 1:30:28]} 2. d4 {[%clk 1:31:17]} d5 {[%clk
1:30:53]} 3. e5 {[%clk 1:31:43]} c5 {[%clk 1:31:16]} 4. dxc5 {[%clk 1:31:47]} e6
{[%clk 1:31:39]} 5. a3 {[%clk 1:31:20]} Bxc5 {[%clk 1:31:55]} 6. Nf3 {[%clk
1:31:09]} Ne7 {[%clk 1:32:03]} 7. b4 {[%clk 1:30:32]} Bb6 {[%clk 1:32:28]} 8. Bd3
{[%clk 1:30:57]} a5 {[%clk 1:30:53]} 9. Nc3 {[%clk 1:12:10]} Ng6 {[%clk 1:18:19]}
10. O-O {[%clk 1:00:53]} O-O {[%clk 1:10:06]} 11. Bg5 {[%clk 0:49:31]} Qe8 {[%clk
1:06:29]} 12. bxa5 {[%clk 0:44:24]} Bxa5 {[%clk 1:05:02]} 13. Nb5 {[%clk
0:44:44]} Nc6 {[%clk 1:03:16]} 14. Bxg6 {[%clk 0:35:39]} hxg6 {[%clk 1:02:10]}
15. Qd3 {[%clk 0:35:52]} Bd7 {[%clk 0:58:42]} 16. Rfb1 {[%clk 0:27:38]} Nb4
{[%clk 0:49:23]} 17. axb4 {[%clk 0:13:08]} Bxb5 {[%clk 0:49:49]} 18. Qd4 {[%clk
0:12:18]} Bc7 {[%clk 0:49:25]} 19. Rxa8 {[%clk 0:08:59]} Qxa8 {[%clk 0:49:52]}
20. Qc5 {[%clk 0:05:41]} Qa2 {[%clk 0:49:45]} 21. Nd2 {[%clk 0:06:01]} Bc6 {[%clk
0:46:42]} 22. b5 {[%clk 0:02:38]} Ba5 {[%clk 0:46:47]} 23. Rf1 {[%clk 0:01:57]}
Bxd2 {[%clk 0:45:43]} 24. Bxd2 {[%clk 0:02:22]} Bd7 {[%clk 0:46:03]} 25. b6
{[%clk 0:01:46]} Rc8 {[%clk 0:42:31]} 26. Qe7 {[%clk 0:02:06]} Bc6 {[%clk
0:42:04]} 27. Rc1 {[%clk 0:01:05]} Qb2 {[%clk 0:41:53]} 28. Qg5 {[%clk 0:01:11]}
Qxb6 {[%clk 0:41:10]} 29. h4 {[%clk 0:01:32]} Ra8 {[%clk 0:38:50]} 30. c3 {[%clk
0:01:23]} d4 {[%clk 0:37:39]} 31. Qf4 {[%clk 0:00:51]} d3 {[%clk 0:35:23]} 32. h5
{[%clk 0:00:50]} gxh5 {[%clk 0:34:53]} 33. Qg5 {[%clk 0:00:54]} Qb2 {[%clk
0:33:12]} 34. Be3 {[%clk 0:01:00]} Qe2 {[%clk 0:33:13]} 35. c4 {[%clk 0:01:14]}
Ra2 {[%clk 0:31:58]} 36. Rb1 {[%clk 0:01:21]} d2 {[%clk 0:30:26]} 37. Qd8+ {[%clk
0:01:45]} Kh7 {[%clk 0:30:54]} 38. Kh2 {[%clk 0:02:09]} Be4 {[%clk 0:30:10]} 39.
Rg1 {[%clk 0:02:26]} Bd3 {[%clk 0:30:19]} 40. g4 {[%clk 0:32:23]} d1=Q {[%clk
1:00:06]} 0-1

[Event "Irena Warakomska Memorial A"]
[Site "Suwalki"]
[Date "2021.07.29"]
[Round "4"]
[White "Renkowski, Piotr"]
[Black "Hnydiuk, Aleksander"]
[Result "0-1"]
[Board "18"]
[WhiteElo "2150"]
[WhiteCountry "POL"]
[WhiteFideId "1114166"]
[WhiteEloChange "-4"]
[BlackElo "2407"]
[BlackTitle "IM"]
[BlackCountry "POL"]
[BlackFideId "1109057"]
[BlackEloChange "2"]

1. e4 {[%clk 1:30:57]} Nf6 {[%clk 1:28:08]} 2. e5 {[%clk 1:29:13]} Nd5 {[%clk
1:28:25]} 3. d4 {[%clk 1:28:05]} d6 {[%clk 1:28:50]} 4. c4 {[%clk 1:27:47]} Nb6
{[%clk 1:29:16]} 5. exd6 {[%clk 1:27:51]} exd6 {[%clk 1:29:41]} 6. Nc3 {[%clk
1:26:52]} Be7 {[%clk 1:30:03]} 7. a3 {[%clk 1:25:02]} O-O {[%clk 1:30:18]} 8. Bd3
{[%clk 1:24:36]} Nc6 {[%clk 1:30:07]} 9. Nge2 {[%clk 1:23:30]} Bf6 {[%clk
1:28:28]} 10. Be3 {[%clk 1:20:30]} d5 {[%clk 1:06:18]} 11. b3 {[%clk 1:05:49]}
dxc4 {[%clk 1:04:19]} 12. bxc4 {[%clk 1:06:03]} g6 {[%clk 0:53:20]} 13. c5 {[%clk
0:55:50]} Nd5 {[%clk 0:52:28]} 14. Nxd5 {[%clk 0:52:34]} Qxd5 {[%clk 0:52:54]}
15. O-O {[%clk 0:44:59]} Bg4 {[%clk 0:45:35]} 16. f3 {[%clk 0:37:59]} Bf5 {[%clk
0:44:29]} 17. Bxf5 {[%clk 0:35:21]} Qxf5 {[%clk 0:44:50]} 18. Bf2 {[%clk
0:33:10]} Rad8 {[%clk 0:38:58]} 19. Rb1 {[%clk 0:32:53]} b6 {[%clk 0:34:38]} 20.
Qa4 {[%clk 0:31:32]} Qd7 {[%clk 0:30:44]} 21. Rbd1 {[%clk 0:28:26]} Rfe8 {[%clk
0:23:58]} 22. d5 {[%clk 0:25:49]} Nd4 {[%clk 0:17:48]} 23. Rxd4 {[%clk 0:25:13]}
Bxd4 {[%clk 0:17:13]} 24. Qxd4 {[%clk 0:24:45]} Rxe2 {[%clk 0:17:36]} 25. cxb6
{[%clk 0:23:13]} axb6 {[%clk 0:16:58]} 26. Rd1 {[%clk 0:22:46]} Rde8 {[%clk
0:15:35]} 27. Qh4 {[%clk 0:20:51]} Qe7 {[%clk 0:15:07]} 28. Qh6 {[%clk 0:20:20]}
Rxf2 {[%clk 0:14:59]} 0-1